书目信息 |
| 题名: |
怎样解题
|
|
| 作者: | 波利亚 , Polya 著 ;阎育苏 译 | |
| 分册: | ||
| 出版信息: | 北京 科学出版社 1982 |
|
| 页数: | 255页 | |
| 开本: | 19cm | |
| 丛书名: | ||
| 单 册: | ||
| 中图分类: | O1-0 , O12-44 | |
| 科图分类: | ||
| 主题词: | 初等数学--解题--方法--初等数学 | |
| 电子资源: | ||
| ISBN: | ||
| 000 | 00821nam0 2200301 45 | |
| 001 | 0182001153 | |
| 005 | 20060421085449.06 | |
| 010 | @dCNY0.90 | |
| 091 | @a13031.1804 | |
| 100 | @a19950630d1982 em y0chiy0121 ea | |
| 101 | 1 | @achi@ceng |
| 102 | @aCN@b110000 | |
| 105 | @ay z 000yy | |
| 106 | @ar | |
| 200 | 10 | @a怎样解题@Azen yang jie ti@f(美)波利亚(G. Polya)著@g阎育苏译 |
| 210 | @a北京@c科学出版社@d1982 | |
| 215 | @a255页@d19cm | |
| 300 | @a书名原文:How to Solve it | |
| 510 | 1 | @aHow to Solve it@zeng |
| 606 | @a初等数学@x解题@x方法@a初等数学 | |
| 690 | @aO1-0@v3 | |
| 690 | @aO12-44@v3 | |
| 701 | 1 | @a波利亚@Abo li ya@bG.@4著 |
| 701 | A1 | @aPolya@bG.@4著 |
| 702 | 0 | @a阎育苏@Ayan yu su@4译 |
| 801 | 0 | @aCN@b上海图书馆@c20060421 |
| 801 | 2 | @aCN@bNLC@c20040520 |
| 905 | @dO12-44@e1@f1@b93863 | |
| 怎样解题/(美)波利亚(G. Polya)著/阎育苏译.-北京:科学出版社,1982 |
| 255页;19cm |
| 书名原文:How to Solve it |
| ISBN :CNY0.90 |
| ● |
| 相关链接 |
|
|
|
|
正题名:怎样解题
索取号:O12-44/1
 
预约/预借
| 序号 | 登录号 | 条形码 | 馆藏地/架位号 | 状态 | 备注 |
| 1 | 0063994 | 202167314 | 密集书库/ [索取号:O12-44/1] | 在馆 | |
| 2 | 0093863 | 001246850 | 第三借阅区/ [索取号:O12-44/1] | 在馆 | |
| 3 | 0093864 | 001246887 | 第二样本阅览室/ [索取号:O12-44/1] | 在馆 |